000 00475nam a2200169Ia 4500
003 Ost
005 20260507075700.0
008 260507s9999||||xx |||||||||||||| ||und||
040 _cfsecg
041 _aara
100 _aعفيفي، صديق محمد
_eمؤلف
245 0 _aالتخصيصة /
_c صديق محمد عفيفي
260 _aالاسكندرية:
_bمكتبة عين شمس,
_c2003
300 _a91 صفحة؛
653 _aخوصصة
942 _cكتاب
999 _c45811
_d45811